LIBRARY & INFORMATION CENTRE, KCAET, TAVANUR

ONLINE PUBLIC ACCESS CATALOGUE (OPAC)

Text book of sound / (Record no. 7162)

MARC details
000 -LEADER
fixed length control field 00418cam a2200181ua 4500
041 ## - LANGUAGE CODE
Language code of text/sound track or separate title eng
082 ## - DEWEY DECIMAL CLASSIFICATION NUMBER
Classification number 534
Item number KHA/TE
100 ## - MAIN ENTRY--AUTHOR NAME
Personal name Khann, D R .
245 ## - TITLE STATEMENT
Title Text book of sound /
260 ## - PUBLICATION, DISTRIBUTION, ETC. (IMPRINT)
Place of publication :
Name of publisher Atmaram and Sons ,
Year of publication 1985.
300 ## - PHYSICAL DESCRIPTION
Number of Pages 508 ; .
700 1# - ADDED ENTRY--PERSONAL NAME
Personal name Bedi, R S .
942 ## - ADDED ENTRY ELEMENTS (KOHA)
Koha item type Books
Holdings
Withdrawn status Lost status Damaged status Home library Current library Date acquired Full call number Accession Number Koha item type
      KAUAET KAUAET 19/08/1986 534 KHA/TE 15362 Books
free website counter